All Birmingham Areas By Postcode - Statistics

General Stats
  • This quiz has been taken 480 times
  • The average score is 41 of 150
Answer Stats
Hint Answer % Correct
B6 Aston
80%
B14 Kings Heath
76%
B72 Sutton Coldfield
74%
Erdington
69%
B91 Solihull
69%
B10 Small Heath
66%
B1 City centre / Broad street
64%
B15 Edgbaston
64%
B2 City centre / New street
63%
B21 Handsworth
63%
B4 City centre / corporation street
61%
B3 City centre / Newhall street
61%
Perry Common
58%
B29 Selly Oak
58%
B66 Smethwick
55%
B25 Yardley
54%
Yardley Wood
54%
B13 Moseley
53%
B70 West Bromwich
53%
Sparkbrook
52%
B31 Northfield
51%
B11 Sparkhill
51%
B27 Acocks Green
49%
B5 Digbeth
49%
Longbridge
47%
B90 Shirley
47%
B43 Great Bar
46%
B30 Bournville
45%
B17 Harborne
45%
B38 Kings Norton
45%
B42 Perry Bar
43%
B60 Bromsgrove
42%
B28 Hall Green
42%
B7 Nechells
42%
B44 Kingstanding
41%
B37 Chelmsley Wood
40%
B19 Lozells
40%
B98 Redditch
40%
B36 Castle Bromwich
39%
B16 Ladywood
39%
B12 Balsall Heath
38%
B35 Castle Vale
37%
B69 Oldbury
37%
Rubery
37%
B9 Bordesley
36%
B74 Four Oaks
35%
Hockley
35%
Quinton
35%
B26 Sheldon
34%
Bartley Green
33%
Stirchley
33%
Druids Heath
32%
Stechford
32%
B77 Tamworth
32%
B20 Handsworth Wood
31%
Mere Green
31%
Bearwood
30%
Newtown
30%
Cotteridge
29%
B47 Hollywood
29%
B45 Rednal
29%
Witton
29%
Wylde Green
29%
Saltley
28%
Selly Park
28%
B18 Winson green
27%
Hampton in Arden
26%
B40 Marston Green
26%
B34 Shard End
26%
B48 Alvechurch
25%
B73 Boldmere
24%
Coleshill
24%
B62 Halesowen
24%
B93 Knowle
24%
Tyseley
24%
Barnt Green
23%
Dorridge
23%
Highgate
22%
B65 Rowley Regis
22%
Streetly
22%
Ward End
22%
B8 Washwood Heath
22%
B95 Henley in Arden
19%
Little Aston
19%
B92 Olton
19%
Billesley
18%
B64 Cradley Heath
18%
Hodge Hill
18%
B33 Kitts Green
18%
Minworth
18%
B23 Stockland Green
18%
B76 Walmley
18%
Blackheath
17%
Bournbrook
17%
Hamstead
17%
B46 Water Orton
17%
West Heath
17%
Dickens Heath
16%
B24 Tyburn
16%
Wythall
16%
New Oscott
15%
B32 Woodgate
15%
Kingshurst
14%
Bromford
13%
Warstock
13%
B49 Alcester
12%
Birchfield
12%
Earlswood
12%
Highter's Heath
12%
Short Heath
12%
Smiths Wood
12%
Bickenhill
11%
B75 Falcon Lodge
11%
B94 Hockley Heath
11%
Elmdon
10%
B68 Langley
10%
B80 Studley
10%
Tividale
10%
Cheswick Green
9%
Cofton Hackett
9%
Old Hill
9%
Beoley
8%
Fordbridge
8%
Kingsbury
8%
Romsley
8%
Bentley Heath
7%
Lee Bank
6%
B50 Bidford on Avon
5%
Brandhall
5%
Buckland End
5%
B78 Fazeley
5%
B63 Hayley Green
5%
B67 Londonderry
5%
Maney
5%
Nether Whitacre
5%
New Frankley
5%
Wilnecote
5%
B97 Callow Hill
4%
B96 Feckenham
4%
Hasbury
4%
Hunnington
4%
Polesworth
4%
Webheath
4%
Major's Green
3%
Rectory
3%
B79 Warton
3%
Amington
2%
No matching quizzes found
Score Distribution
Percent of People with Each Score
Percentile by Number Answered
Your Score History
You have not taken this quiz